| 000 | 00712nam a2200241 a 4500 | ||
|---|---|---|---|
| 005 | 20210219152950.0 | ||
| 008 | 991125n 000 0 u | ||
| 035 | _aUPN01000069397 | ||
| 100 | 1 | _aPolle, Millicent E | |
| 222 | _aCOUNSELING PSYCHOLOGIST | ||
| 245 | _aA contextualist model of professional attainment : results of a longitudinal study of career paths of men and women | ||
| 300 | _a603-624 | ||
| 362 | 0 | _a1991 Vol. 19, no. 4 | |
| 653 | 0 | _aPRACTICA PROFESIONAL | |
| 653 | 0 | _aDIFERENCIAS SEXUALES | |
| 653 | 0 | _aPROFESIONISTAS | |
| 700 | 1 | _aLangan-Fox, Janice, | |
| 700 | 1 | _ecoaut. | |
| 700 | 1 | _aCiavarella, Michelle, | |
| 700 | 1 | _ecoaut. | |
| 904 |
_aAC _b007208 |
||
| 905 | _aArticulo | ||
| 999 |
_c64971 _d64971 |
||